Southville International School and Colleges
Your cart is empty.
  • Cart
  • Lists
    Public lists Eva Luna New books Lux_list list_1
    Your lists Log in to create your own lists
  • Log in to your account
  • Your cookies
  • Search history
Southville International School and Colleges
  • Advanced search
  • Recent comments
  • Most popular
  • Libraries

Log in to your account

Log in with GOOGLE


If you do not have an external account, but do have a local account, you can still log in:

  1. Home
  2. MARC view: Fluffy's valentine's day /
Normal view MARC view ISBD view

Fluffy's valentine's day / (Record no. 113467)

[ view plain ]
MARC details
000 -LEADER
fixed length control field 00758nam a2200217 a 4500
001 - CONTROL NUMBER
control field 0196
005 - DATE AND TIME OF LATEST TRANSACTION
control field 20140414132021.0
008 - FIXED-LENGTH DATA ELEMENTS--GENERAL INFORMATION
fixed length control field 040819s19uu xx 00 eng d
020 ## - INTERNATIONAL STANDARD BOOK NUMBER
International Standard Book Number 0-590-37216-5
050 ## - LIBRARY OF CONGRESS CALL NUMBER
Classification number TR
Item number F67 1998
100 ## - MAIN ENTRY--PERSONAL NAME
Personal name McMullan, Kate
245 ## - TITLE STATEMENT
Title Fluffy's valentine's day /
Statement of responsibility, etc by Kate McMullan ; illustrated by Mavis Smith.
260 ## - PUBLICATION, DISTRIBUTION, ETC. (IMPRINT)
Place of publication, distribution, etc New York :
Name of publisher, distributor, etc Scholastic,
Date of publication, distribution, etc 1998.
300 ## - PHYSICAL DESCRIPTION
Extent 1 v.p. : ill. ; cm.
440 ## - SERIES STATEMENT/ADDED ENTRY--TITLE
Title Hello Reader, Level 3
520 ## - SUMMARY, ETC.
Summary, etc Fluffy endures a bath and shampoo at school Valentine's Day, but when another guinea pig named Kiss is placed in his play yard, his patience snaps.
650 ## - SUBJECT ADDED ENTRY--TOPICAL TERM
Topical term or geographic name as entry element Valentine's day
General subdivision Fiction.
650 ## - SUBJECT ADDED ENTRY--TOPICAL TERM
Topical term or geographic name as entry element Guinea pigs
General subdivision Fiction.
650 ## - SUBJECT ADDED ENTRY--TOPICAL TERM
Topical term or geographic name as entry element Schools
General subdivision Fiction.
Holdings
Withdrawn status Lost status Damaged status Use restrictions Home library Current library Shelving location Date acquired Source of acquisition Total Checkouts Full call number Barcode Date last seen Price effective from Koha item type
        Munich Library Munich Library Teachers Reference Section 08/19/2004     TR F67 1998 M5036 04/14/2014 04/14/2014 Books

Fluffy's valentine's day /

APA

McMullan K., . (1998). Fluffy's valentine's day. New York: Scholastic.

Chicago

McMullan Kate, . 1998. Fluffy's valentine's day. New York: Scholastic.

Harvard

McMullan K., . (1998). Fluffy's valentine's day. New York: Scholastic.

MLA

McMullan Kate, . Fluffy's valentine's day. New York: Scholastic. 1998.

  • Place hold
  • Print
  • Cite
  • Add to your cart (remove)
  • Save record
    BIBTEX Dublin Core MARCXML MARC (non-Unicode/MARC-8) MARC (Unicode/UTF-8) MARC (Unicode/UTF-8, Standard) MODS (XML) RIS
  • More searches
    Search for this title in:
    Other Libraries (WorldCat) Other Databases (Google Scholar) Online Stores (Bookfinder.com) Open Library (openlibrary.org)

Exporting to Dublin Core...

SOUTHVILLE LIBRARY

Southville International School and Colleges Library

1281 Tropical Ave. Cor. Luxembourg St., BF Homes International, Las Pinas City

Tel. No. 8256374 / 252358 Loc. 117/146

Powered by Koha